| 000 | 01058nam a22002417a 4500 | ||
|---|---|---|---|
| 005 | 20260617151225.0 | ||
| 008 | 260617t2015 |||||||| |||| 00| 0 spa d | ||
| 040 |
_aCO-BoUCM _bspa _cStefania Borbon _dStefania Borbon |
||
| 041 | _aspa | ||
| 100 |
_aDal Maschio, E. A _9189750 |
||
| 245 |
_aPlatón : _bla verdad está en otra parte / _cE. A. Dal Maschio |
||
| 260 |
_aEspaña; _bBatiscafo, _c2015 |
||
| 300 |
_a140 páginas; _bilustraciones |
||
| 520 | _aEstudio divulgativo sobre la vida, obra y el sistema filosófico de Platón. Examina conceptos fundamentales como la teoría de las Formas, el dualismo cuerpo-alma, la anamnesis y su pensamiento político expuesto en la República. | ||
| 600 |
_aPlatón, _d427-347 a.C. _xCrítica e interpretación _953300 |
||
| 650 | 4 |
_aFilosofía platónica _9189751 |
|
| 650 | 4 |
_aFilosofía antigua _915727 |
|
| 650 | 4 |
_aDualismo _913610 |
|
| 650 | 4 |
_aTeoría de las ideas _9189752 |
|
| 700 | 1 |
_aGarcía, Nacho _eilustrador _9189642 |
|
| 942 |
_2DEWEY _a2 _cLIBRO _e1 _h184 _mD148p |
||
| 999 |
_c326531 _d326531 |
||